| 000 | 00468nam a22001697a 4500 | ||
|---|---|---|---|
| 003 | CEME | ||
| 005 | 20210628204116.0 | ||
| 008 | 210106b xxu||||| |||| 00| 0 eng d | ||
| 020 | _a9783642224324 | ||
| 040 | _cceme | ||
| 082 | _a629.892 HAU | ||
| 100 |
_aHausser, Roland _968782 |
||
| 245 | _aComputational linguistics and talking robots, processing content in database semantics | ||
| 260 |
_aNEW YORK _bSPRINGER _c2011 |
||
| 300 | _aXII, 286P | ||
| 942 |
_cBK _2ddc |
||
| 999 |
_c576251 _d576251 |
||